00480nam a2200169 a 450000100060000000300090000600800410001502000170005604000280007308200170010110000210011824500290013926000250016830000100019365000530020365000540025623165CO-ViMGA141112s2004 ck r 000 u spa d a978968245179 aCO-ViMGAbspacCO-ViMGA04a647.94 T673a1 aTorre, Francisco10aAdministracion Hotelera aMéxico : bTrillas a2 Vol14aV1 ADMINISTRACION HOTELERA 1 DIVISION CUARTOS 14aV2 ADMINISTRACION HOTELERA 2 ALIMENTOS Y BEBIDAS